000 01510cam a22002174a 4500
005 20250605164001.0
008 250528s ||||||||||||||||||||||||d
035 _a15622
020 _a314201491
040 _aGR-AtMCL
_bgre
_dGR-AtMCL
_eAACR2
245 1 _aOrganization Development and Change / Sixth Edition
250 _a6th
260 _bSouth-Western Publishing Co,
_c1997
300 _a654
520 _aPreface, General Introduction to Organizational Development, The Process of Organization Development, The Nature of Planned Change, The Organization Development Practitioner, Entering and Contracting, Diagnosing Organizations, Diagnosing Groups and Jobs, Collecting and Analyzing Diagnostic Information, Designing Interventions, Managing Change, Human Process Interventions, Interpersonal and Group Process Approaches, Organization Process Approaches, Technostructural Interventions, Restructing Organizations, Employee Involvement, Work Design, Human Resource Management Interventions, Performance Managements, Developing and Assisting Menbers, Strategic Interventions, Organization and Environment Relationships, Organization Transformation, Special Applications of Organization Development, Organization Development in Global Settings, Organization Development in Health Care and School Systems and the Public Sector, Glossary, Name and Subject Index.
700 1 _aCummings Thomas G
_91586
700 1 _aWorley Christopher G
_91587
942 _cBK
999 _c1191
_d1191